00336nam a2200133 a 45000010010000000030011000100080041000210350026000620820014000881000022001022450026001242600039001506500013001890000-8787ELIB.Books110520 1969  a(ELIB.Books)0000-8933 a230 bMet aMetz, Johannes B. aTheology of the World bNew York: Herder and Herder c1969 aTheology